La gran indignación : (Registro nro. 13434)

Detalles MARC
000 -LIDER
fixed length control field 01104nam a2200289 a 4500
001 - NÚMERO DE CONTROL
Identificador de número de control
003 - IDENTIFICACDOR DE NÚMERO DE CONTROL
control field DO-SdBNP
005 - DATE AND TIME OF LATEST TRANSACTION
control field 20210528135614.0
008 - ELEMENTOS DE LONGITUD FIJA
fixed length control field 180402s2015 dr ac 000 0 spa d
020 ## - ISBN
International Standard Book Number 9789945586350
040 ## - FUENTE DE CATALOGACIÓN
Agencia que crea de manera original el registro BPMSU
Idioma de catalogación spa
Agencia que realiza la transcripción BPMSU
082 ## - NÚMERO DE CLASIFICACIÓN DECIMAL DE DEWEY
Classification number 972.9356
Item number A162g
Edition number 22
100 1# - ASIENTO PRINCIPAL -- NOMBRE PERSONAL
Nombre personal Abreu Cardet, José Miguel,
Fechas asociadas con el nombre 1951-
245 13 - MENCIÓN DE TITULO
Título La gran indignación :
Subtítulo Santiago de los Caballeros 24 de febrero de 1863 (documentos y análisis) /
Mención de responsabilidad José Abreu Cardet ; Elia Sintes Gómez.
260 ## - PUBLICACIÓN, DISTRIBUCIÓN, ETC. (PIE DE IMPRENTA)
Lugar de publicación, distribución, etc Santo Domingo :
Nombre del editor, distribuidor, etc. Archivo General de la Nación,
Fecha de publicación, distribución, etc 2015.
300 ## - DESCRIPCIÓN FÍSICA
Extensión 524 p. :
Otros detalles físicos il., retrs. ;
Dimensiones 23 cm.
490 0# - MENCIÓN DE SERIES
Mención de serie Archivo General de la Nación
Volume/sequential designation 242
500 ## - NOTA GENERAL
Nota general Incluye datos biográficos de los autores en las solapas
500 ## - NOTA GENERAL
Nota general Incluye referencias bibliográficas y notas al pie de las páginas
500 ## - NOTA GENERAL
Nota general Incluye índice onomástico
504 ## - NOTA DE BIBLIOGRAFÍA, ETC.
Bibliography, etc Bibliografía : p. 497-498
590 ## - NOTA LOCAL
Texto de la nota local Inventariado, 2021/VM
651 #4 - ENCABEZAMIENTO DE MATERIA--NOMBRE GEOGRÁFICO
Nombre geográfico Santiago de los Caballeros (República Dominicana)
Subdivisión temática general Historia
700 1# - ASIENTO SECUNDARIO -- NOMBRE PERSONAL
Nombre personal Sintes Gómez, Elia,
Fechas asociadas con el nombre 1956-
910 ## - VALIDACIÓN
Validación VMateo
942 ## - ADDED ENTRY ELEMENTS (KOHA)
Source of classification or shelving scheme Dewey Decimal Classification
Koha item type Libros
Existencias
Withdrawn status Lost status Source of classification or shelving scheme Damaged status Not for loan Collection code Home library Current library Date acquired Source of acquisition Full call number Barcode Date last seen Price effective from Koha item type
    Dewey Decimal Classification     Colección Dominicana Biblioteca Pública Metropolitana Salomé Ureña Biblioteca Pública Metropolitana Salomé Ureña 05/28/2021 Compra BPMSU CD 972.9356 A162g 2015 BPMSU21050182 05/28/2021 05/28/2021 Libros